Kit saves the day! #5: a summer story, 1934/ by ... Read More
Available copies
- 3 of 3 copies available at LARL/NWRL Consortium.
Current holds
0 current holds with 3 total copies.
Show All Copies
| Location | Call Number / Copy Notes | Barcode | Shelving Location | Status | Due Date |
|---|---|---|---|---|---|
| Red Lake Falls Public Library | j TRI (Text) | 35500003988787 | Main | Available | - |
| Warroad Public Library | j TRI (Text) | 35500003869896 | Main | Available | - |
| Warroad Public Library | j TRI (Text) | 35500006219834 | Main | Available | - |
Record details
- ISBN: 1584850256
- ISBN: 1584850248 (pbk.)
- ISBN: 9781584850243
- Physical Description: 70 p. : col. ill. ; 22 cm.
- Publisher: Middleton, WI : Pleasant Company Publications, 2001.
Content descriptions
| Summary, etc.: | Tired of doing chores and longing for adventure ... Read More |
Search for related items by subject
| Subject: | Depressions > 1929 > Juvenile fiction. Tramps > Juvenile fiction. |
Search for related items by series
| LDR | 01695cam a2200361Ia 4500 | ||
|---|---|---|---|
| 001 | 35415 | ||
| 003 | LARL_NWRL_CONSORTIUM | ||
| 005 | 20191001141539.0 | ||
| 008 | 010117s2001 wiu c 000 1 eng | ||
| 020 | . | ‡a1584850256 | |
| 020 | . | ‡a1584850248 (pbk.) | |
| 020 | . | ‡a9781584850243 | |
| 035 | . | ‡a(OCoLC)45957942 | |
| 082 | 0 | 0. | ‡a[Fic] ‡221 |
| 099 | . | ‡aTri | |
| 100 | 1 | . | ‡aTripp, Valerie, ‡d1951- ‡0(LARL_NWRL_CONSORTIUM)86594 |
| 245 | 1 | 0. | ‡aKit saves the day! ‡n#5: ‡ba summer story, 1934/ ‡cby Valerie Tripp ; illustrations, Walter Rane ; vignettes, Susan McAliley. |
| 260 | . | ‡aMiddleton, WI : ‡bPleasant Company Publications, ‡c2001. | |
| 300 | . | ‡a70 p. : ‡bcol. ill. ; ‡c22 cm. | |
| 490 | 0 | . | ‡aAmerican Girl Kit ; ‡v5 |
| 520 | . | ‡aTired of doing chores and longing for adventure during the Great Depression, Kit meets a hobo and decides to hop a freight train. | |
| 650 | 0. | ‡aDepressions ‡y1929 ‡vJuvenile fiction. ‡0(LARL_NWRL_CONSORTIUM)164580 | |
| 650 | 0. | ‡aTramps ‡vJuvenile fiction. | |
| 700 | 1 | . | ‡aRane, Walter. ‡0(LARL_NWRL_CONSORTIUM)71193 |
| 700 | 1 | . | ‡aMcAliley, Susan. ‡0(LARL_NWRL_CONSORTIUM)122016 |
| 901 | . | ‡a35415 ‡bOCLC ‡c35415 ‡tbiblio | |

Add to basket
Permalink
Disable Highlighting